Wrestling Finishers - Statistics

General Stats
  • This quiz has been taken 3,415 times
  • The average score is 19 of 35
Answer Stats
Finisher Answer % Correct
Tombstone Piledriver The Undertaker
98%
Pedigree Triple H
98%
Attitude Adjustment John Cena
95%
Chokeslam Kane
95%
Super Kick/Sweet Chin Music Shawn Michaels
95%
GTS (Go To Sleep) CM Punk
91%
Spear Edge
87%
Leg Drop Hulk Hogan
86%
Rock Bottom The Rock
84%
Stunner 'Stone Cold' Steve Austin
82%
Jackhammer; Spear Goldberg
80%
Olympic Slam Kurt Angle
79%
Swanton Bomb Jeff Hardy
78%
Mandible Claw Mick Foley
74%
5 Star Frog Splash Rob Van Dam
69%
Sharpshooter Bret 'Hitman' Hart
68%
Diamond Cutter DDP (Diamond Dallas Page)
68%
Jackknife Powerbomb Kevin Nash
61%
Elbow Drop off the Top Rope Randy 'Macho Man' Savage
54%
Banzai Drop Yokozuna
54%
Gore Rhyno
49%
The DDT Jake 'The Snake' Roberts
45%
Curtain Call Goldust
31%
Sitdown Splash/Double Underhook Suplex Andre the Giant
28%
Roundhouse Buzzsaw Kick Tajiri
24%
Arabian Facebuster Sabu
21%
Running Powerslam 'British Bulldog' Davey Boy Smith
19%
Texas Cloverleaf Dean Malenko
18%
Rocker Dropper Marty Jannetty
12%
The Russian Backbreaker Nikolai Volkoff
10%
Ghetto Blaster Bad News Brown
8%
Asai DDT Ultimo Dragon
8%
Bear Hug Billy Graham
2%
Body Breaker Jesse 'The Body' Ventura
2%
Gorilla Press Slam Tony Atlas
1%
No matching quizzes found
Score Distribution
Percent of People with Each Score
Percentile by Number Answered
Your Score History
You have not taken this quiz